| 000 | 02874nam a2200289 a 4500 | ||
|---|---|---|---|
| 001 | 000045177 | ||
| 005 | 20260428073714.0 | ||
| 008 | 150206s2014 dr ac r 001 0 spa d | ||
| 020 | _a9789945582154 | ||
| 040 |
_aDO-SdBNP _bspa _cBNPHU |
||
| 082 |
_aRD860.8 _bC744o, 2013 |
||
| 111 | 1 |
_aConcurso de Arte y Literatura Bancentral _n(17 : _d2013 : _cSanto Domingo, República Dominicana) _973184 |
|
| 245 | 1 | 0 |
_aObras premiadas : _bdecimoséptimo concurso de arte y literatura Bancentral 2013. |
| 260 |
_aSanto Domingo : _bBanco Central de la República Dominicana, Departamento Cultural, _c2014. |
||
| 300 |
_a152 p. : _bil., retrs. ; _c22 cm. |
||
| 490 | 1 |
_aBanco Central de la República Dominicana _v207 |
|
| 490 | 1 |
_aObras premiadas _v17 |
|
| 500 | _aIncluye referencias bibliográficas y notas al pie de las páginas. | ||
| 505 | 0 |
_aCuento : _gPrimer premio _tDe como se pierde una esposa en Maine / _rAriadna Adames Rojas -- _gSegundo premio _tLocura en secuencia / _rNarda Cecilia Marizón Méndez -- _gTercer premio _tEl ídolo detrás de la máscara / _rJuan Pablo Reyez -- _gMencion de honor _tDesesperados / _rDomingo Marte -- _gMención de honor _tEl baquiní / _rAmarilis Cueto Cabrera -- _gMención de honor _tRetorcida pasión / _rSabrina Hernóndez Batlle -- _gPintura : _gPrimer premio _tCopas / _rHilda Andreína Santo de Rosario -- _gSegundo premio _tVendedor de maíz / _rManuel A. Concepción -- _gTercer premio _tEmulando a los clásicos 1 / _rLeyda Lantigua de Mejía -- _tViejo puerto / _rManuel A. Concepción -- _tLimones / _rMaría Antonia Suero Castillo -- _gDibujo : _gPrimer premio _tUniverso negro / _rJessica Valdez Prats -- _gSegundo premio _tNo te asustes solo observo / _rRut Mabel Herrera Ruis -- _gTercer premio _tLas ollas en el fogón / _rGeraldo Amable Pimentel Ramírez -- _tMencion de honor _tEn el parque / _rClaudia Mariel Grullón -- _tMencion de honor _tEstrella en sombras / _rJuan Pérez Hernóndez -- _tFotoggrafía : _gPrimer premio _tLo hierro _rSabrina Hernández Batlle -- _gSegundo premio _tSal del pacto / _rLuisa F. Medina de Frías _gTercer premio _tTopos de metal / _rWagner David Figuereo De Jesús -- _tCalor block / _rCinthia María Mejía Méndez -- _tCalma en la salida / _rRut Mabel Herrera Ruiz -- _tPomesa encendidas / _rAmelia Ortiz Rey -- _tCansados del camino / _rSabrina Hernández Batlle -- _tLa belleza de la humanidad / _rJulinette Alexandra Morales Báez -- _tGanadores del concunrso de arte y literatura del Banco Central de la República Dominicana -- _tMiembros del jurado del Concurso de Arte y Literatura (1995-2013) -- |
|
| 590 | _aInventariado, 2018/BT | ||
| 650 | 0 |
_aCuentos dominicanos _9176 |
|
| 650 | 4 |
_aCertámenes literarios _91541 |
|
| 650 | 0 |
_aLiteratura dominicana. _967 |
|
| 650 | 0 |
_aPremios literarios _91542 |
|
| 830 | 0 |
_aObras premiadas ; _v17 _pBanco Central de la República Dominicana _n207 _973185 |
|
| 910 | _aValidado. Control de calidad. MFF | ||
| 999 |
_c44666 _d44666 |
||